Ley 100 de 1993

Bibliographic Details
Main Author: Roa Rojas, Hernǹ
Other Authors: Roa Da̕z, Cornelio
Format: Book
Language:Spanish
Published: Bogot ̀: ECOE, 2008
Subjects:
Online Access:http://www.vlex.com/source/6866

MARC

LEADER 00000nam a22000007a 4500
005 20130121181849.0
007 cr|||| ||||
008 130121e2008 ck ||||| |||| 00||0 spa d
020 |a 9586486591 
035 |a 6866 
040 |a vLex 
090 |c 3572  |d 3572 
100 1 0 |a Roa Rojas, Hernǹ  
245 1 0 |a Ley 100 de 1993  |h [Recurso electrn̤ico] 
256 |a Servicio en ln̕ea 
260 |a Bogot ̀:  |b ECOE,   |c 2008 
300 |a 1 Recurso electrn̤ico 
650 0 4 |a Derecho laboral y Seguridad Social  |z Colombia 
650 0 4 |a Seguridad Social  |z Colombia 
700 1 0 |a Roa Da̕z, Cornelio  
740 |a vLex Libros (Servicio en ln̕ea) 
856 |a Acceso restringido  |u http://www.vlex.com/source/6866 
942 |c BOOK 
999 0 |a Labor laws and legislation